Up & Down, In & Out Words Quiz Stats

 Plays Quiz Updated Jan 2, 2015

Challenge
Share
Tweet
Embed
Score 0/24 Timer 03:00
1 Play Today
% Correct
Throw up
89.5%
Sit down
89.1%
Sit-up
88.1%
Shut up
87.7%
Throw out
84.5%
Look up
84%
Shut down
83.3%
Stand-in
82%
Sit-in
81.1%
Look out
80.9%
Stand up
80.6%
Throw-in
79.5%
% Correct
Put down
79.1%
Stand out
77.8%
Shut-in
77.8%
Shutout
77.3%
Put up
76.7%
Sit out
71.5%
Put out
69.7%
Look down
68.6%
Throw down
65.3%
Put in
59.2%
Stand down
58.7%
Look-in
36.9%

You're not logged in!

Compare scores with friends on all Sporcle quizzes.
OR
Log In

You Might Also Like...

Show Comments

Extras

Top Quizzes Today


Score Distribution

Your Account Isn't Verified!

In order to create a playlist on Sporcle, you need to verify the email address you used during registration. Go to your Sporcle Settings to finish the process.

Report this User

Report this user for behavior that violates our Community Guidelines.

Details: